01888cam a22003494i 4500003000900000005001700009008004100026035001900067040003300086082001900119100002800138245009700166264007800263300002800341336002100369337002500390338002300415505093800438526001001376526001001386526001001396526001001406526000801416526000801424526000801432526000801440526000801448526000801456526000801464650002001472650004601492PE-LiUPU20250731173138.0150623s r 000 0 d a(Sirsi) a27113 aPE-LiUPUbspacPE-LiUPUerda04a248.4bK442211 aKerbs, John G.,eautor.10aYour people problems :ba brief study in human relations for the christian /cJohn G. Kerbs. 1aMountain View, California :bPacific Press Publishing Association,c1967. a125 páginas ;c18 cm. atext2rdacontent aunmediated2rdamedia avolume2rdacarrier0 aIntroduction: Why study human relations?. Because you love only the lovely. Because you like to straighten people out. Because you talk too much. Because you are too silent. Because you don't listen. Because you don't think twice before speaking. Because of the way you speak. Because you don't smile. Because you lack humility. When others don't see things your way. Because you're not organized. Because of the way you look. Because of your attitude toward youthfulness. Because you're never wrong. Because you are a respecter of persons. Because of intemperance. Because you are ungrateful. Because you criticize and gossip. Because you want to make others laugh. Because you don't practice what you preach. Because you see the dark side. Because you think business is business. Because you want high position. Because you can't forgive. Because you expect too much of others. Conclusion: The secret to better human relations now. aSEG42 aSEG41 aSEG40 aSEG39 aP94 aP87 aP86 aP85 aP77 aP76 aP3504aVida cristiana.04aRelaciones interpersonalesxCristianismo.